000 00461 a2200157 4500
005 20250624120559.0
020 _a0-273-02504-x
082 _a658.78 JES
100 _aJESSOP, D.
245 _aStorage and Control of Stock: For Commerce, Industry and Public Undertakings.
250 _a4th Ed,
260 _aLondon,
_bJESSOP, D.
_c1986.
300 _axi, 307p; ill figure, picture & table
_bAppendix & Index
_c21.5cm
700 _aMORRISON, A.
942 _2ddc
_cBKS
999 _c4856
_d4856